| 000 | 00982cad a22002055a 4500 | ||
|---|---|---|---|
| 001 | E152752 | ||
| 008 | 110419s2010 xxk f 000 0 eng d | ||
| 035 | _a(Sirsi) u152752 | ||
| 041 | 0 | _aeng | |
| 110 | 2 |
_aMcGrigors _95941 |
|
| 245 | 0 | 0 |
_aProperty litigation mini guide _bkeep open clauses _h[electronic resource] |
| 260 |
_a[Scotland] _bMcGrigors _c2010 |
||
| 490 | 0 |
_aMcGrigors Property Litigation Mini Guide _v(5) May 2010 |
|
| 520 | _aLooks at issues that can arise in relation to keep open clauses, and suggests possible solutions. Topics covered include remedied for tenant non-compliance, clauses forcing a tenant to trade, and claims for damages. | ||
| 590 | _aKA | ||
| 651 | 4 |
_aScotland _y1999- |
|
| 690 | _aPROPERTY-COMMERCIAL PROPERTY-COMMERCIAL LANDLORD AND TENANT-BUSINESS TENANCIES | ||
| 856 | 4 | 0 |
_uhttps://www.mcgrigors.com/pdfdocs/MiniGuide_%20PropertyLitigation5_Keep_Open_Clauses_May10.PDF _zView the mini guide free of charge at www.mcgrigors.com |
| 942 | _n0 | ||
| 999 |
_c112200 _d112200 |
||